00000000nam##2200000za#4500
0019.618621
003CaOODSP
00520210615102939
007ta
008150406|2007||||xxc|||||     f|0| 0 eng|d
022 |a0706-6473
040 |aCaOODSP|beng
043 |an-cn---
0861 |aFs97-4/2812E
1101 |aCanada. |bDepartment of Fisheries and Oceans.
24510|aBiological synopsis of the Chinese mitten crab (Eriocheir sinensis) / |cby É. Veilleux and Y. de Lafontaine.
260 |aNanaimo - British Columbia : |bFisheries and Oceans Canada |c2007.
300 |avi, 45p. : |bgraphs, illus., maps, references, tables, photographs ; |c28 cm.
4901 |aCanadian manuscript report of fisheries and aquatic sciences|x0706-6473|vNo. 2812
500 |a"Fisheries and Oceans Canada, Science Branch, Pacific Region, Pacific Biological Station, Nanaimo, BC V9T 6N7".
5203 |aThis report is part of a series that contains scientific and technical information that contributes to existing knowledge but deals with national or regional problems. They are distributed to institutions and individuals in the relevant areas of Canada. The subject matter reflects the interests and policies of the Department of Fisheries and Oceans.
546 |a(Résumé en français.)
563 |aSoftcover
590 |a08-03|b2008-01-18
69007|aMarine biology|2gcpds
69007|aShellfish|2gcpds
69007|aWestern provinces|2gcpds
7201 |aLafontaine, Y. de
7201 |aVeilleux, É
7760#|tBiological synopsis of the Chinese mitten crab (Eriocheir sinensis) / |w(CaOODSP)9.580102
830#0|aCanadian manuscript report of fisheries and aquatic sciences,|x0706-6473|vNo. 2812|w(CaOODSP)9.514688